|
|
|
|
| LEADER |
02208nam a2200481 4500 |
| 001 |
ocn944023893 |
| 003 |
OCoLC |
| 005 |
20170124072246.8 |
| 006 |
m o d |
| 007 |
cr cnu|||unuuu |
| 008 |
160307s2016 gw ob 000 0 ger d |
| 040 |
|
|
|a DG1
|b eng
|e rda
|e pn
|c DG1
|d OCLCO
|d OCLCF
|d OCLCO
|d DEBBG
|d GrThAP
|
| 020 |
|
|
|a 9783433603086
|q electronic bk.
|
| 020 |
|
|
|a 3433603081
|q electronic bk.
|
| 020 |
|
|
|z 9783433018668
|q print
|
| 024 |
7 |
|
|a 10.1002/9783433603086
|2 doi
|
| 029 |
1 |
|
|a GBVCP
|b 863147429
|
| 029 |
1 |
|
|a DEBBG
|b BV043738340
|
| 035 |
|
|
|a (OCoLC)944023893
|
| 050 |
|
4 |
|a TG335
|
| 082 |
0 |
4 |
|a 624.2/5
|2 23
|
| 049 |
|
|
|a MAIN
|
| 100 |
1 |
|
|a Tue, Nguyen Viet,
|e author.
|
| 245 |
1 |
0 |
|a Berechnung und Bemessung von Betonbrücken /
|c Nguyen Viet Tue, Michael Reichel, Michael Fischer.
|
| 264 |
|
1 |
|a Berlin, Germany :
|b Ernst & Sohn,
|c 2016.
|
| 300 |
|
|
|a 1 online resource.
|
| 336 |
|
|
|a text
|b txt
|2 rdacontent
|
| 337 |
|
|
|a computer
|b c
|2 rdamedia
|
| 338 |
|
|
|a online resource
|b cr
|2 rdacarrier
|
| 505 |
0 |
|
|a Beschreibung des Gesamtbauwerks / Nguyen Viet Tue, Michael Reichel, Michael Fischer -- Überbau / Nguyen Viet Tue, Michael Reichel, Michael Fischer -- Lager und Fahrbahnübergangskonstruktion / Nguyen Viet Tue, Michael Reichel, Michael Fischer -- Pfeiler / Nguyen Viet Tue, Michael Reichel, Michael Fischer -- Widerlager / Nguyen Viet Tue, Michael Reichel, Michael Fischer -- Bewehrungsskizzen / Nguyen Viet Tue, Michael Reichel, Michael Fischer.
|
| 504 |
|
|
|a Includes bibliographical references.
|
| 588 |
0 |
|
|a Online resource; title from PDF title page (John Wiley, viewed March 7, 2016).
|
| 650 |
|
0 |
|a Concrete bridges.
|
| 650 |
|
0 |
|a Concrete bridges
|x Design and construction.
|
| 650 |
|
0 |
|a Structural analysis (Engineering)
|
| 650 |
|
7 |
|a Concrete bridges.
|2 fast
|0 (OCoLC)fst01715656
|
| 650 |
|
7 |
|a Concrete bridges
|x Design and construction.
|2 fast
|0 (OCoLC)fst01728119
|
| 650 |
|
7 |
|a Structural analysis (Engineering)
|2 fast
|0 (OCoLC)fst01135602
|
| 655 |
|
4 |
|a Electronic books.
|
| 700 |
1 |
|
|a Reichel, Michael,
|e author.
|
| 700 |
1 |
|
|a Fischer, Michael,
|c Dr.-Ing.,
|e author.
|
| 856 |
4 |
0 |
|u https://doi.org/10.1002/9783433603086
|z Full Text via HEAL-Link
|
| 994 |
|
|
|a 92
|b DG1
|